[Event "BRA-ch Amateurs U2000"]
[Site "Sao Paulo"]
[Date "2024.05.30"]
[Round "2"]
[White "Forster, Tiago Saito"]
[Black "Jorge, Denrick Cabral Jose"]
[Result "1/2-1/2"]
[WhiteElo "1812"]
[BlackElo "1908"]
[PlyCount "91"]
[EventDate "2024.05.30"]
[EventType "swiss"]
[EventRounds "7"]
[EventCountry "BRA"]
[SourceTitle "CB23_2024"]
[SourceDate "2024.06.05"]
[SourceVersion "1"]
[SourceVersionDate "2024.06.05"]
[SourceQuality "1"]

1. Nf3 c5 2. g3 Nc6 3. Bg2 e5 4. c4 g6 5. 0-0 Bg7 6. Nc3 d6 7. Rb1 Nge7 8. a3 a5 9. Ne1 Be6 10. Nd5 0-0 11. Nc2 a4 12. d3 Na5 13. Bg5 f6 14. Nxe7+ Qxe7 15. Bd2 Qd7 16. Bxa5 Rxa5 17. b4 axb3 18. Rxb3 b5 19. Ne3 bxc4 20. Nxc4 Ra7 21. Rb6 d5 22. Ne3 Kh8 23. Qb3 c4 24. dxc4 dxc4 25. Qc3 f5 26. Rd1 Qf7 27. Rdd6 e4 28. Qb4 Re8 29. Rb8 Rae7 30. Rdd8 Rxd8 31. Rxd8+ Re8 32. Rxe8+ Qxe8 33. Nxc4 Qc8 34. Nb6 Qc3 35. Qd6 Qb3 36. a4 e3 37. f4 g5 38. Qd8+ Bg8 39. fxg5 Qb4 40. Bf3 f4 41. Bd5 Qe1+ 42. Kg2 Qxe2+ 43. Kh3 Qh5+ 44. Kg2 Qe2+ 45. Kh3 Qh5+ 46. Kg2 1/2-1/2

[Event "Araraquara op 2nd"]
[Site "Araraquara"]
[Date "2024.02.13"]
[Round "7"]
[White "Serra, Kelvin Ribeiro"]
[Black "Jorge, Denrick Cabral Jose"]
[Result "0-1"]
[WhiteElo "1705"]
[BlackElo "1874"]
[PlyCount "88"]
[EventDate "2024.02.10"]
[EventType "swiss"]
[EventRounds "7"]
[EventCountry "BRA"]
[SourceTitle "CB09_2024"]
[SourceDate "2024.02.28"]
[SourceVersion "1"]
[SourceVersionDate "2024.02.28"]
[SourceQuality "1"]

1. e4 c5 2. Nf3 d6 3. Bb5+ Bd7 4. a4 Nc6 5. Nc3 g6 6. d4 cxd4 7. Nxd4 Bg7 8. Be3 Nf6 9. f3 0-0 10. Qd2 Rc8 11. 0-0-0 Nxd4 12. Bxd4 Bxb5 13. Nxb5 a6 14. Nc3 b5 15. Nd5 bxa4 16. Nxf6+ exf6 17. Qb4 Qd7 18. Bc3 Rfd8 19. Rd5 Qc6 20. Rhd1 Bf8 21. R1d4 f5 22. exf5 Bg7 23. Rxd6 Rxd6 24. Rxd6 Qc7 25. fxg6 hxg6 26. Qb6 Qc4 27. Rd8+ Rxd8 28. Qxd8+ Kh7 29. Bxg7 Kxg7 30. Qd3 Qf4+ 31. Kb1 Qxh2 32. Qxa6 Qxg2 33. Qd3 Qg1+ 34. Ka2 Qc5 35. Qc3+ Qxc3 36. bxc3 g5 37. Ka3 f5 38. c4 g4 39. fxg4 fxg4 40. Kxa4 g3 41. c5 g2 42. c6 g1Q 43. Kb5 Qb1+ 44. Ka6 Qb8 0-1

[Event "Araraquara op 2nd"]
[Site "Araraquara"]
[Date "2024.02.10"]
[Round "2"]
[White "Jorge, Denrick Cabral Jose"]
[Black "Caribe Santos, Luiz Carlos"]
[Result "1-0"]
[WhiteElo "1874"]
[BlackElo "1451"]
[PlyCount "67"]
[EventDate "2024.02.10"]
[EventType "swiss"]
[EventRounds "7"]
[EventCountry "BRA"]
[SourceTitle "CB09_2024"]
[SourceDate "2024.02.28"]
[SourceVersion "1"]
[SourceVersionDate "2024.02.28"]
[SourceQuality "1"]

1. e4 c5 2. Nc3 Nc6 3. g3 g6 4. d3 Bg7 5. Be3 d6 6. Qd2 Nf6 7. Bh6 0-0 8. Bg2 a6 9. h4 b5 10. Bxg7 Kxg7 11. e5 Nxe5 12. Bxa8 Be6 13. Bg2 b4 14. Nce2 Qb6 15. Nf4 Bf5 16. h5 g5 17. Nd5 Nxd5 18. Qxg5+ Kh8 19. Qxf5 e6 20. Qg5 Rg8 21. Qd2 Nf6 22. Nf3 Nxf3+ 23. Bxf3 d5 24. Qf4 e5 25. Qf5 h6 26. 0-0 Rg5 27. Qc8+ Kg7 28. c4 e4 29. dxe4 dxe4 30. Be2 Qd6 31. Qh3 e3 32. f4 Rxh5 33. Bxh5 Nxh5 34. Qxh5 1-0

[Event "Matinhos op 6th"]
[Site "Matinhos"]
[Date "2022.09.23"]
[Round "7.10"]
[White "Jorge, Denrick Cabral Jose"]
[Black "Silva, Janderson Rossi Da"]
[Result "1-0"]
[WhiteElo "1892"]
[BlackElo "1875"]
[PlyCount "73"]
[EventDate "2022.09.18"]
[EventType "swiss"]
[EventRounds "7"]
[EventCountry "BRA"]
[SourceTitle "CBM 210 Extra"]
[Source "ChessBase"]
[SourceDate "2022.11.30"]
[SourceVersion "1"]
[SourceVersionDate "2022.11.30"]
[SourceQuality "1"]

1. e4 c5 2. Nf3 d6 3. d4 cxd4 4. Nxd4 Nf6 5. Nc3 a6 6. Bg5 Nbd7 7. f4 e6 8. Qf3 Qc7 9. 0-0-0 b5 10. Bd3 Bb7 11. Rhe1 Be7 12. Nd5 Nxd5 13. exd5 Nc5 14. Bxe7 Qxe7 15. Nc6 Bxc6 16. dxc6 0-0 17. Qh5 g6 18. Qf3 Qc7 19. h4 Rac8 20. h5 Qxc6 21. Qe2 Rfd8 22. g4 Nxd3+ 23. Rxd3 Qc4 24. hxg6 Qxf4+ 25. Kb1 hxg6 26. Rf1 Qe5 27. Qf2 Rd7 28. Rf3 Rcc7 29. Rh1 f5 30. gxf5 exf5 31. Re3 Qf6 32. Re8+ Kf7 33. Rhh8 Qg7 34. Qf3 d5 35. a3 Qd4 36. Rhf8+ Kg7 37. Qh1 1-0

[Event "Sao Jose dos Campos op"]
[Site "Sao Jose dos Campos"]
[Date "2022.09.09"]
[Round "2"]
[White "Fernandini, Felipe Piacente"]
[Black "Jorge, Denrick Cabral Jose"]
[Result "0-1"]
[WhiteElo "1403"]
[BlackElo "1892"]
[PlyCount "88"]
[EventDate "2022.09.08"]
[EventType "swiss"]
[EventRounds "7"]
[EventCountry "BRA"]
[SourceTitle "CBM 210 Extra"]
[Source "ChessBase"]
[SourceDate "2022.11.30"]
[SourceVersion "1"]
[SourceVersionDate "2022.11.30"]
[SourceQuality "1"]

1. e4 c5 2. Nf3 d6 3. d4 cxd4 4. Nxd4 Nf6 5. Nc3 Nc6 6. Nf3 g6 7. Be2 Bg7 8. 0-0 0-0 9. h3 a6 10. Be3 b5 11. a3 Bb7 12. Nd2 Nd7 13. f4 Nd4 14. Bd3 Nc5 15. f5 Nxd3 16. cxd3 a5 17. f6 Bxf6 18. Rxf6 exf6 19. Bxd4 d5 20. exd5 Bxd5 21. Nxb5 Bc6 22. Ne4 Bxb5 23. Bxf6 Qxd3 24. Qc1 Qf1+ 25. Qxf1 Bxf1 26. Rxf1 Ra6 27. g4 h6 28. Rc1 Re8 29. Rc5 Rae6 30. Rxa5 Rxe4 31. b4 R4e6 32. Bh4 Re2 33. Bf6 Rc8 34. Rc5 Rxc5 35. bxc5 Ra2 36. c6 Rc2 37. g5 hxg5 38. Bxg5 Rxc6 39. Kg2 f6 40. Be3 Kf7 41. h4 Rc3 42. Bf4 Rxa3 43. Kh2 Ke6 44. Kg2 Kf5 0-1

[Event "Niteroi op 2nd"]
[Site "Niteroi"]
[Date "2022.09.04"]
[Round "5"]
[White "Jorge, Denrick Cabral Jose"]
[Black "Fernandes, Joao Manoel Strauss"]
[Result "1-0"]
[WhiteElo "1892"]
[BlackElo "1688"]
[PlyCount "79"]
[EventDate "2022.09.01"]
[EventType "swiss"]
[EventRounds "9"]
[EventCountry "BRA"]
[SourceTitle "CBM 210 Extra"]
[Source "ChessBase"]
[SourceDate "2022.11.30"]
[SourceVersion "1"]
[SourceVersionDate "2022.11.30"]
[SourceQuality "1"]

1. e4 e5 2. f4 exf4 3. Nf3 d6 4. Bc4 g5 5. h4 f6 6. Qe2 Nc6 7. c3 g4 8. Nd4 Nxd4 9. cxd4 h5 10. d3 Bh6 11. Nc3 c6 12. Rf1 b5 13. Bb3 b4 14. Nd1 Ne7 15. Bxf4 Bxf4 16. Rxf4 Ng6 17. Rf1 Qe7 18. Ne3 Nxh4 19. 0-0-0 Ng6 20. Qf2 Rf8 21. Nf5 Qc7 22. Qg3 Bxf5 23. exf5 Nh8 24. Rfe1+ Kd8 25. Qh2 Nf7 26. Qxh5 Kc8 27. Qxg4 Ng5 28. Re2 Kb7 29. Rde1 Rad8 30. Kb1 Rd7 31. d5 c5 32. Ba4 Rg7 33. Bc6+ Kb6 34. Qc4 a6 35. a3 bxa3 36. bxa3 Ka7 37. d4 Rb8+ 38. Ka2 cxd4 39. Qxd4+ Qb6 40. Re7+ 1-0

[Event "Niteroi op 2nd"]
[Site "Niteroi"]
[Date "2022.09.03"]
[Round "4"]
[White "Almeida Junior, Alvaro Alves de"]
[Black "Jorge, Denrick Cabral Jose"]
[Result "1-0"]
[WhiteElo "2044"]
[BlackElo "1892"]
[PlyCount "53"]
[EventDate "2022.09.01"]
[EventType "swiss"]
[EventRounds "9"]
[EventCountry "BRA"]
[SourceTitle "CBM 210 Extra"]
[Source "ChessBase"]
[SourceDate "2022.11.30"]
[SourceVersion "1"]
[SourceVersionDate "2022.11.30"]
[SourceQuality "1"]

1. e4 c5 2. Nf3 d6 3. d4 cxd4 4. Nxd4 Nf6 5. f3 Nc6 6. Nc3 g6 7. Be3 Bg7 8. Qd2 Nxd4 9. Bxd4 0-0 10. 0-0-0 Be6 11. g4 Qa5 12. Kb1 Kh8 13. h4 h5 14. gxh5 Nxh5 15. Qh6+ Kg8 16. Bxg7 Nxg7 17. h5 g5 18. Bh3 Bc4 19. Rd5 Bxd5 20. Nxd5 Qd8 21. Qxg5 Kh7 22. Nxe7 Rg8 23. Bf5+ Nxf5 24. Qxf5+ Kh8 25. Ng6+ Kh7 26. Ne5+ Kg7 27. h6+ 1-0

[Event "BRA-ch U2000 Amateurs"]
[Site "Sao Paulo"]
[Date "2022.06.16"]
[Round "2"]
[White "Messias, Jose Vitor Lamosa P"]
[Black "Jorge, Denrick Cabral Jose"]
[Result "0-1"]
[WhiteElo "1664"]
[BlackElo "1891"]
[PlyCount "48"]
[EventDate "2022.06.16"]
[EventType "swiss"]
[EventRounds "7"]
[EventCountry "BRA"]
[SourceTitle "CBM 208 Extra"]
[Source "ChessBase"]
[SourceDate "2022.07.31"]
[SourceVersion "1"]
[SourceVersionDate "2022.07.31"]
[SourceQuality "1"]

1. e4 c5 2. Nf3 d6 3. d4 cxd4 4. Qxd4 Nc6 5. Bb5 Bd7 6. Bxc6 Bxc6 7. Nc3 Nf6 8. Bg5 Qa5 9. 0-0-0 h6 10. Bxf6 gxf6 11. Kb1 Rg8 12. Nh4 0-0-0 13. g3 f5 14. Nxf5 e6 15. Ne3 Bg7 16. Qd3 Kb8 17. Rhe1 Bxc3 18. bxc3 d5 19. exd5 Bxd5 20. Nxd5 Rxd5 21. Qf3 Rb5+ 22. Ka1 Rc8 23. Re3 Rc6 24. Qf6 Qxa2+ 0-1

[Event "Joao Pessoa Fischer Memorial 11th"]
[Site "Joao Pessoa"]
[Date "2022.05.08"]
[Round "6"]
[White "Bouwman, Marcelo Wanderley"]
[Black "Jorge, Denrick Cabral Jose"]
[Result "1-0"]
[WhiteElo "2140"]
[BlackElo "1905"]
[PlyCount "89"]
[EventDate "2022.05.06"]
[EventType "swiss"]
[EventRounds "6"]
[EventCountry "BRA"]
[SourceTitle "EXT 2023"]
[Source "ChessBase"]
[SourceDate "2022.10.05"]
[SourceVersion "1"]
[SourceVersionDate "2022.10.05"]
[SourceQuality "1"]

1. e4 c5 2. Nf3 d6 3. g3 Nc6 4. Bg2 e5 5. 0-0 g6 6. c3 Bg7 7. d3 Nge7 8. a3 0-0 9. b4 a6 10. Nbd2 h6 11. Nb3 b6 12. Rb1 Be6 13. d4 exd4 14. cxd4 Bxb3 15. Rxb3 c4 16. Rb1 b5 17. d5 Nb8 18. Nd4 Nd7 19. a4 bxa4 20. Be3 Nb6 21. h4 c3 22. h5 Nc4 23. hxg6 fxg6 24. Bc1 Qb6 25. Ne6 a3 26. Qb3 Nd2 27. Bxd2 cxd2 28. Qxa3 Bd4 29. Bf3 Rfc8 30. Qd3 Be5 31. Kg2 Rc3 32. Qxd2 g5 33. Rh1 Rf8 34. Nxf8 Kxf8 35. Rxh6 g4 36. Bxg4 Ng8 37. Rh7 Bf6 38. Be6 a5 39. Rf7+ Ke8 40. Rxf6 Nxf6 41. Qxc3 Qxf2+ 42. Kxf2 Nxe4+ 43. Kf3 Nxc3 44. Rb3 axb4 45. Rxb4 1-0

[Event "Joao Pessoa Fischer Memorial 11th"]
[Site "Joao Pessoa"]
[Date "2022.05.08"]
[Round "5"]
[White "Jorge, Denrick Cabral Jose"]
[Black "Caio, Francisco Ferreira"]
[Result "1-0"]
[WhiteElo "1905"]
[BlackElo "1615"]
[PlyCount "73"]
[EventDate "2022.05.06"]
[EventType "swiss"]
[EventRounds "6"]
[EventCountry "BRA"]
[SourceTitle "EXT 2023"]
[Source "ChessBase"]
[SourceDate "2022.10.05"]
[SourceVersion "1"]
[SourceVersionDate "2022.10.05"]
[SourceQuality "1"]

1. e4 c5 2. Nc3 Nc6 3. g3 g6 4. d3 Bg7 5. Be3 b6 6. Qd2 Nd4 7. Nd1 Ba6 8. Bg2 Rc8 9. c3 Ne6 10. Ne2 d6 11. 0-0 Nf6 12. h3 0-0 13. c4 b5 14. cxb5 Bxb5 15. Ndc3 Bc6 16. Bh6 Re8 17. Bxg7 Nxg7 18. d4 cxd4 19. Nxd4 Ba8 20. Rac1 Qa5 21. a3 Qb6 22. Nd5 Nxd5 23. exd5 Qb7 24. Nc6 Rc7 25. Rfe1 Nf5 26. Na5 Qb6 27. Rxc7 Qxc7 28. Rc1 Qb6 29. g4 Nh4 30. Bh1 e5 31. Nc4 Qc7 32. Nxe5 Qe7 33. Nc6 Qe2 34. Qxe2 Rxe2 35. Nxa7 Kg7 36. b4 Rd2 37. b5 1-0

[Event "Rio de Janeiro op"]
[Site "Rio de Janeiro"]
[Date "2022.04.21"]
[Round "2"]
[White "Do Valle Cardoso, Lucas"]
[Black "Jorge, Denrick Cabral Jose"]
[Result "1-0"]
[WhiteElo "2242"]
[BlackElo "1905"]
[PlyCount "112"]
[EventDate "2022.04.21"]
[EventType "swiss"]
[EventRounds "6"]
[EventCountry "BRA"]
[SourceTitle "CBM 207 Extra"]
[Source "ChessBase"]
[SourceDate "2022.05.31"]
[SourceVersion "1"]
[SourceVersionDate "2022.05.31"]
[SourceQuality "1"]

1. e4 c5 2. Nf3 d6 3. d4 cxd4 4. Nxd4 Nf6 5. Nc3 a6 6. Be3 e5 7. Nb3 Be6 8. f3 Nbd7 9. Qd2 Be7 10. 0-0-0 0-0 11. g4 b5 12. Nd5 Bxd5 13. exd5 Nb6 14. Bxb6 Qxb6 15. Na5 Rac8 16. Kb1 Nxd5 17. Qxd5 Qxa5 18. Bd3 Qb4 19. a3 Qf4 20. h4 Rc7 21. g5 Rfc8 22. Rhg1 Rc5 23. Qb7 R8c7 24. Qa8+ Rc8 25. Qb7 R8c7 26. Qxa6 Qxf3 27. h5 Qb7 28. Qxb7 Rxb7 29. g6 fxg6 30. hxg6 h5 31. Be4 Rb8 32. Bd5+ Kh8 33. Be6 e4 34. Bd5 e3 35. b4 e2 36. Rd3 Rxd5 37. Rxd5 h4 38. Rd2 Bf6 39. Rxe2 Be5 40. Rg4 Bg3 41. Rge4 Rf8 42. Re8 Kg8 43. R2e3 Be5 44. Rxf8+ Kxf8 45. Rf3+ Ke7 46. Kc1 Ke6 47. Kd2 Kd5 48. Ke2 Kc4 49. Kf2 d5 50. Kg2 d4 51. Kh3 Bg3 52. Rf7 Kc3 53. Rxg7 Kxc2 54. Re7 Bd6 55. g7 d3 56. Rd7 Be5 1-0

[Event "Florianopolis op 8th"]
[Site "Florianopolis"]
[Date "2022.01.27"]
[Round "5"]
[White "Francisco Guecamburu, Candela Be"]
[Black "Jorge, Denrick Cabral Jose"]
[Result "1-0"]
[WhiteElo "2146"]
[BlackElo "1901"]
[PlyCount "120"]
[EventDate "2022.01.24"]
[EventType "swiss"]
[EventRounds "10"]
[EventCountry "BRA"]
[SourceTitle "CBM 206 Extra"]
[Source "ChessBase"]
[SourceDate "2022.03.31"]
[SourceVersion "1"]
[SourceVersionDate "2022.03.31"]
[SourceQuality "1"]

1. e4 c5 2. Nf3 d6 3. Bb5+ Bd7 4. Bxd7+ Qxd7 5. c4 Nc6 6. d4 cxd4 7. Nxd4 Nf6 8. Nc3 g6 9. b3 Bg7 10. Bb2 Qg4 11. Qxg4 Nxg4 12. Nde2 0-0 13. Rd1 a6 14. Na4 b5 15. Bxg7 Kxg7 16. Nb6 Ra7 17. Rd2 Rb8 18. cxb5 axb5 19. Nd5 b4 20. 0-0 Nf6 21. Nxf6 Kxf6 22. Rc1 Nd8 23. Nd4 Rba8 24. Rcc2 Ra6 25. Kf1 Ne6 26. Nc6 Rb6 27. Rc4 Rc8 28. Nxe7 Rxc4 29. Nd5+ Ke5 30. bxc4 Rc6 31. f3 Rxc4 32. Kf2 f5 33. Nb6 Rd4 34. Nd7+ Kf4 35. g3+ Kg5 36. f4+ Kg4 37. Nf6+ Kh3 38. Rxd4 Nxd4 39. Nxh7 fxe4 40. Ng5+ Kxh2 41. Nxe4 Nb5 42. g4 d5 43. Ng5 Nd6 44. Kf3 d4 45. Ne4 Nf7 46. Nf2 Nd6 47. Nd3 Nc4 48. f5 gxf5 49. gxf5 Nd6 50. f6 Nf7 51. Nxb4 Kh3 52. a4 Kh4 53. a5 Kg5 54. a6 Ne5+ 55. Ke4 Nd7 56. a7 Nxf6+ 57. Kxd4 Nd7 58. a8Q Kf6 59. Qc6+ Ke7 60. Nd5+ Ke8 1-0

[Event "Florianopolis op 8th"]
[Site "Florianopolis"]
[Date "2022.01.25"]
[Round "3"]
[White "Borger, Daniel"]
[Black "Jorge, Denrick Cabral Jose"]
[Result "0-1"]
[WhiteElo "1556"]
[BlackElo "1901"]
[PlyCount "76"]
[EventDate "2022.01.24"]
[EventType "swiss"]
[EventRounds "10"]
[EventCountry "BRA"]
[SourceTitle "CBM 206 Extra"]
[Source "ChessBase"]
[SourceDate "2022.03.31"]
[SourceVersion "1"]
[SourceVersionDate "2022.03.31"]
[SourceQuality "1"]

1. e4 c5 2. Nf3 d6 3. d4 cxd4 4. Nxd4 Nf6 5. Nc3 a6 6. Be3 e5 7. Nf3 Be7 8. Bc4 0-0 9. 0-0 Qc7 10. Bb3 Bg4 11. Qd3 Nbd7 12. Nd2 Nc5 13. Bxc5 dxc5 14. Nd5 Nxd5 15. Bxd5 Rad8 16. Nc4 b5 17. Ne3 c4 18. Qc3 Bc8 19. b3 Bc5 20. bxc4 Bd4 21. Qd3 Bxa1 22. Rxa1 bxc4 23. Nxc4 Bb7 24. Ne3 Bxd5 25. Nxd5 Qc5 26. c4 Rb8 27. h4 Rb2 28. Ne3 Rfb8 29. g3 Qd4 30. Qxd4 exd4 31. Nf5 Rb1+ 32. Rxb1 Rxb1+ 33. Kg2 d3 34. Ne3 d2 35. Kf3 Re1 36. Nd1 Rxd1 37. Ke2 Rc1 38. Kxd2 Rxc4 0-1

[Event "Pan American-ch U2000"]
[Site "Timbo"]
[Date "2021.12.04"]
[Round "8"]
[White "Soares, Gustavo Henrique"]
[Black "Jorge, Denrick Cabral Jose"]
[Result "1-0"]
[WhiteElo "1910"]
[BlackElo "1915"]
[PlyCount "63"]
[EventDate "2021.12.01"]
[EventType "swiss"]
[EventRounds "9"]
[EventCountry "BRA"]
[SourceTitle "CBM 205 Extra"]
[Source "ChessBase"]
[SourceDate "2022.01.31"]
[SourceVersion "1"]
[SourceVersionDate "2022.01.31"]
[SourceQuality "1"]

1. d4 Nf6 2. c4 g6 3. Nc3 d5 4. cxd5 Nxd5 5. e4 Nxc3 6. bxc3 Bg7 7. Nf3 c5 8. Be3 Nc6 9. Be2 0-0 10. 0-0 cxd4 11. cxd4 Bg4 12. d5 Na5 13. Rb1 e6 14. Bc5 Bxf3 15. Bxf3 Re8 16. Qa4 b6 17. Bb4 Nb7 18. dxe6 Rxe6 19. e5 b5 20. Qxb5 Rb6 21. Qe2 Rb8 22. Bc3 Nc5 23. Ba5 Rxb1 24. Bxd8 Rxf1+ 25. Qxf1 Rxd8 26. Qc4 Rb8 27. g3 Ne6 28. Bd5 Rb6 29. Qc8+ Bf8 30. a4 Nc5 31. Qc7 Nd3 32. Qxf7+ 1-0

[Event "BRA-ch 87th"]
[Site "Cuiaba"]
[Date "2021.10.31"]
[Round "6"]
[White "Jorge, Denrick Cabral Jose"]
[Black "Serafim, Paulo Rogerio"]
[Result "1-0"]
[WhiteElo "1927"]
[BlackElo "1441"]
[PlyCount "61"]
[EventDate "2021.10.28"]
[EventType "swiss"]
[EventRounds "11"]
[EventCountry "BRA"]
[SourceTitle "CBM 205 Extra"]
[Source "ChessBase"]
[SourceDate "2022.01.31"]
[SourceVersion "1"]
[SourceVersionDate "2022.01.31"]
[SourceQuality "1"]

1. e4 c5 2. Nc3 g6 3. d3 Bg7 4. Be3 d6 5. Qd2 Nf6 6. Bh6 0-0 7. h4 Bxh6 8. Qxh6 Ng4 9. Qd2 h5 10. Be2 Kg7 11. Nd5 Nc6 12. f3 Nf6 13. Nxf6 exf6 14. g4 hxg4 15. fxg4 d5 16. 0-0-0 dxe4 17. g5 fxg5 18. hxg5 exd3 19. Bxd3 Bg4 20. Ne2 Bxe2 21. Qxe2 Qxg5+ 22. Kb1 Nd4 23. Qe4 b6 24. Rdg1 Qf6 25. c3 Nf3 26. Rg2 Rae8 27. Qb7 Re1+ 28. Rxe1 Nxe1 29. Rxg6+ Qxg6 30. Bxg6 Kxg6 31. Qe7 1-0